000 01678nam a22002417a 4500
003 DO-SdBJH
005 20250218130018.0
008 250218b |||||||| |||| 00| 0 spa d
040 _aDO-SdBJH
_bspa
_cDO-SdBJH
090 _aTG EGDC
_b02252 2023
100 1 _aGrullón Camacho, Euriade Antonio
_esustentante
245 1 0 _aTabla de Organización y Equipos (TOE) y su impacto en la listeza de las Unidades Operativas del Ejército de República Dominicana (ERD) 2019-2023 /
_cEuriade Antonio Grullón Camacho, Yorbyn Eduardo Eufragio Aybar, asesores Marcos Mateo Capellán, Juan Francisco Adames Guzmán
260 _aSanto Domingo :
_bINSUDE,
_c2023
300 _axi, 83 páginas, tabla
502 _aTesis (Especialidad en Comando y Estado Mayor Conjunto) -- Instituto Superior para la Defensa (INSUDE). Escuela de Graduados en Comando y Estado Mayor “General de División Gregorio Luperón”, 2023
504 _aIncluye referencias bibliográficas e índices
505 _aComposición y utilidades de la Tabla de Organización y Equipos (TOE) dentro del régimen doctrinario del ERD para el cumplimiento de las misiones. -- Descripción de las unidades operativas del ERD. -- Incidencia de la Tabla de Organización y Equipos (TOE) en la listeza operacional de las unidades operativas del Ejército de República Dominicana (ERD)
700 1 _aEufragio Aybar, Yorbyn Eduardo
_esustentante
700 1 _aMateo Capellán, Marcos
_easesor
700 1 _aAdames Guzmán, Juan Francisco
_easesor
830 _aINSUDE. Escuela de Graduados en Comando y Estado Mayor “General de División Gregorio Luperón”. Tesis y disertaciones académicas
942 _2CL
_cT
999 _c8068
_d8068